|
|
|
|
| LEADER |
01374cam a2200277 a 4500 |
| 001 |
0000073948 |
| 005 |
20220103090000.0 |
| 040 |
|
|
|a mod
|
| 041 |
|
|
|a eng
|
| 020 |
0 |
0 |
|a 9832661242
|
| 090 |
0 |
0 |
|a 006.7869
|b ROS
|e 2003
|
| 100 |
0 |
0 |
|a Rosli Ab. Ghani
|
| 245 |
1 |
0 |
|a Macromedia flash
|b object oriented programming (OOP) environment
|b pengaturcaraan berorientasikan objek siri 1 asas
|c Rosli Ab. Ghani
|
| 260 |
0 |
0 |
|a Selangor
|b Venton Publishing (M) Sdn. Bhd.
|c 2003
|
| 300 |
0 |
0 |
|a 631 p.
|b ill.
|c 26 cm + 1 computer optical disc (4 3/4 in.)
|
| 650 |
0 |
0 |
|a Flash
|x Computer file
|
| 650 |
0 |
0 |
|a Website design
|
| 852 |
0 |
0 |
|a 01
|
| 999 |
|
|
|a 0244371
|b PU SUBANG (TUDM SUBANG)
|d BOOKS
|e Umum
|f PU Subang (TUDM Subang)
|j AVAILABLE
|q GOOD CONDITION
|
| 999 |
|
|
|a 0244394
|b 6 BGD
|d BOOKS
|e Umum
|f 6 BGD
|j AVAILABLE
|q GOOD CONDITION
|
| 999 |
|
|
|a 02523
|b PU SUBANG (TUDM SUBANG)
|d COMPACT DISC
|e Umum
|f PU Subang (TUDM Subang)
|j AVAILABLE
|q GOOD CONDITION
|
| 999 |
|
|
|a 02532
|b 6 BGD
|d COMPACT DISC
|e Sumber Media
|f 6 BGD
|j AVAILABLE
|q GOOD CONDITION
|
| 999 |
|
|
|a 0256759
|b PUSASDA
|d BOOKS
|e Umum
|f PUSASDA
|j AVAILABLE
|q GOOD CONDITION
|
| 999 |
|
|
|a 02903
|b PUSASDA
|d COMPACT DISC
|e Sumber Media
|f PUSASDA
|j AVAILABLE
|q GOOD CONDITION
|
| 999 |
|
|
|a B000017937
|b 4 DIV
|d BOOKS
|e Umum
|f 4 DIV
|j FINAL PROCESSING
|q GOOD CONDITION
|
| 999 |
|
|
|a B000028792
|b PU SUBANG (TUDM SUBANG)
|d BOOKS
|e Umum
|f PU Subang (TUDM Subang)
|j AVAILABLE
|p 1
|q GOOD CONDITION
|